000 00256nam a22001097a 4500
082 _a823
_bORI/H
100 _aORIENT LONGMAN
245 _aHOW MANY COATS DOES A YAK HAVE?
260 _bORIENT LONGMAN
_c1992
650 _aPAQSSAGE LEAFLETS
_zINDIA
942 _cBK
999 _c4012
_d4012